00809nam a2200181 a 450000100100000000500170001000800410002702000180006804000250008610000410011124502040015226000640035630000280042049000250044883000320047395201050050599900170061000003726520200930080241.0120321s2007 ve 000 0 spa d a9789807163637 aDO-SdBNPbspacBNPHU1 aGuerrero Pérez, Juan José96368810aLa cancion protesta latinoamericana y la teología de la liberación :bestudios de género musical y análisis de vínculo sociopolítico y religioso 1968-2000 /cJuan José Guerrero Pérez. aCaracas :bFundación Editorial el Perro y la Rana,c2007. a245 p. :bil. ;c22 cm.1 aInventamos o erramos 0aInventamos o erramos963686 001050718MOaGRbGRcCTd2012-03-21iLF1l0o p37265-10r2020-06-25w2020-06-25y1ZNo se presta c36755d36755